000 01291cam a22003734i 4500
003 PE-LiUPU
005 20250731184054.0
008 150617s1935 r 000 0 d
035 _a(Sirsi) a167519
040 _aPE-LiUPU
_bspa
_cPE-LiUPU
_erda
049 _aPRUA
082 0 4 _a821.4
_bM64
_221
100 1 _aMilton, John,
_eautor.
245 1 0 _aParadise lost /
_cJohn Milton.
264 1 _aNew York :
_bOdyssey Press,
_c1935.
300 _a422 pages ;
_c18 centimeters
336 _atext
_2rdacontent
337 _aunmediated
_2rdamedia
338 _avolume
_2rdacarrier
505 0 _aParadise lost.
526 _aP145
526 _aP127
526 _aP97
526 _aP14
526 _aP07
650 0 4 _aPoesia inglesa.
910 _ajck
_bncf
_cncf
_d20170504
942 _2ddc
_cBOOK
949 _a821.4 M64
_wDEWEY
_c1
_i75743
_lCCODEBUL1
_mBUL
_p10.00
_r0
_sY
_tBOOK
_u2017-05-04
_xPOSGRADO
_zMA.TEOLOGIA
_0DONACION
_o.STAFF. Colección Teologia
994 _aC0
_bPEPRU
596 _a1
999 _a821.4 M64
_wLC
_c16247
_i75743
_f2021-11-11
_g4
_lCCODEBUL1
_mBUL
_p10.00
_r0
_sY
_tBOOK
_u2017-5-4
_xTEOLOGIA
_PP85
_0COMPRA
_o.STAFF. Coleccion Teologia
_d16247
980 _81
_gALBERTO SANCHEZ Responsable de Automatización